| 000 | 00710nam a22001577a 4500 | ||
|---|---|---|---|
| 003 | OSt | ||
| 005 | 20150929091354.0 | ||
| 008 | 150929b xxu||||| |||| 00| 0 eng d | ||
| 040 | _cRUA | ||
| 082 | _aAGR SE 2011 B047 Or.1 | ||
| 100 |
_91542 _aSE, VANAK. |
||
| 245 | _aEffect of establishment methods on growth and yield of ir 66 rice under dry season (ឥទ្ធិពលនៃវិធីសាស្រ្តដាំដុុះទៅលើការលូតលាស់និងទន្និផលស្រូវអ៊ីអ៊ែ៦៦ក្នុងលក្ខខណ្ឌរដូវប្រាំង) | ||
| 260 |
_aPhnom Penh _bRUA _c2011 |
||
| 300 |
_axi, 56p. _bill. _c29cm. |
||
| 942 |
_2ddc _cAGR |
||
| 999 |
_c1450 _d1450 |
||